[Event "IV Festival A"]
[Site "San Martino di Castrozza - Siror ITA"]
[Date "2003.07.03"]
[Round "4"]
[White "Drasko, Milan"]
[Black "Naumkin, Igor"]
[Result "1/2-1/2"]
[WhiteElo "2491"]
[BlackElo "2431"]
[PlyCount "24"]
[EventDate "2003.06.30"]

1. d4 Nf6 2. c4 e6 3. Nf3 Bb4+ 4. Bd2 Qe7 5. g3 Nc6 6. Bg2 Bxd2+ 7. Nbxd2 d6 8.
e4 e5 9. d5 Nb8 10. O-O a5 11. Ne1 O-O 12. Nd3 Na6 1/2-1/2

[Event "IV Festival A"]
[Site "San Martino di Castrozza - Siror ITA"]
[Date "2003.07.03"]
[Round "4"]
[White "Mayer, Frank"]
[Black "Rotstein, Arkadij"]
[Result "0-1"]
[WhiteElo "2191"]
[BlackElo "2514"]
[PlyCount "77"]
[EventDate "2003.06.30"]

1. e4 c5 2. c3 Nf6 3. e5 Nd5 4. d4 cxd4 5. Nf3 e6 6. cxd4 d6 7. Bc4 Nb6 8. Bb3
dxe5 9. Nxe5 Nc6 10. Nxc6 bxc6 11. O-O Be7 12. Nc3 O-O 13. Bf4 Ba6 14. Re1 Bc4
15. Bxc4 Nxc4 16. b3 Nb6 17. Be5 Nd5 18. Qg4 g6 19. Na4 Qa5 20. Red1 Rad8 21.
Rd3 Bf6 22. Bxf6 Nxf6 23. Qe2 Rd7 24. Rc1 Rfd8 25. Qf3 Nh5 26. g3 Ng7 27. Nc3
Rxd4 28. Rxd4 Rxd4 29. Qxc6 Nf5 30. Na4 Rd8 31. Qe4 h5 32. h4 Qd2 33. Qc2 Qd4
34. Qc3 Qg4 35. Qf6 Rd1+ 36. Rxd1 Qxd1+ 37. Kg2 Qd5+ 38. Kh2 e5 39. Qa6 0-1

[Event "IV Festival A"]
[Site "San Martino di Castrozza - Siror ITA"]
[Date "2003.07.03"]
[Round "4"]
[White "Poropat, Marijan"]
[Black "Di Paolo, Raffaele"]
[Result "0-1"]
[WhiteElo "2103"]
[BlackElo "2320"]
[PlyCount "62"]
[EventDate "2003.06.30"]

1. Nf3 d6 2. g3 g6 3. c4 Bg7 4. Bg2 e5 5. Nc3 Nf6 6. O-O Nc6 7. Rb1 a5 8. a3
O-O 9. d3 Re8 10. Ne1 Bg4 11. h3 Bf5 12. e4 Bd7 13. Nc2 h5 14. Kh2 Nh7 15. Nd5
Ne7 16. Be3 Nxd5 17. cxd5 h4 18. g4 Kh8 19. Qd2 f5 20. gxf5 gxf5 21. exf5 Bxf5
22. Be4 Qd7 23. Qe2 Rg8 24. Qh5 Bxe4 25. dxe4 Bf6 26. Rg1 Qa4 27. Rxg8+ Rxg8
28. Rg1 Qxc2 29. Rxg8+ Kxg8 30. Qg6+ Bg7 31. Kg2 Nf6 0-1

[Event "IV Festival A"]
[Site "San Martino di Castrozza - Siror ITA"]
[Date "2003.07.03"]
[Round "4"]
[White "Proietti, Giorgio"]
[Black "Roversi, Stefano"]
[Result "1-0"]
[WhiteElo "1804"]
[BlackElo "2015"]
[PlyCount "91"]
[EventDate "2003.06.30"]

1. d4 Nf6 2. c4 g6 3. Nc3 Bg7 4. e4 d6 5. Nf3 O-O 6. Be2 c5 7. O-O cxd4 8. Nxd4
Nc6 9. Be3 Bd7 10. f3 a6 11. Qd2 Nxd4 12. Bxd4 Qa5 13. Rab1 Be6 14. b4 Qc7 15.
Nd5 Bxd5 16. cxd5 Rfc8 17. Rfc1 Qd8 18. a4 Qf8 19. b5 axb5 20. Bxb5 Bh6 21. Be3
Bxe3+ 22. Qxe3 Rxc1+ 23. Rxc1 Rc8 24. Rc3 Rxc3 25. Qxc3 Qd8 26. Kf1 Nd7 27.
Bxd7 Qxd7 28. Qc4 Qd8 29. Ke2 Qb6 30. Kd3 Qb1+ 31. Qc2 Qxc2+ 32. Kxc2 f5 33.
exf5 gxf5 34. Kd3 Kf7 35. g4 fxg4 36. fxg4 Kf6 37. Ke4 e5 38. dxe6 Kxe6 39. h4
b6 40. Kd4 d5 41. g5 Kd6 42. h5 Ke6 43. g6 hxg6 44. hxg6 Kf6 45. Kxd5 Kxg6 46.
Kc6 1-0

[Event "IV Festival A"]
[Site "San Martino di Castrozza - Siror ITA"]
[Date "2003.07.03"]
[Round "4"]
[White "Solinas, Carlo"]
[Black "Pietrocola, Roberto"]
[Result "0-1"]
[WhiteElo "2089"]
[BlackElo "1858"]
[PlyCount "120"]
[EventDate "2003.06.30"]

1. e4 e5 2. d4 d6 3. dxe5 dxe5 4. Qxd8+ Kxd8 5. f4 Nc6 6. Nf3 Bd6 7. f5 f6 8.
Be3 Bd7 9. c3 Nge7 10. Nbd2 Nc8 11. O-O-O Ke7 12. c4 b6 13. g4 h6 14. Nh4 Be8
15. Nb3 Nb4 16. c5 bxc5 17. Bxc5 Rb8 18. Bc4 Bf7 19. Bxb4 Rxb4 20. Bd5 Re8 21.
Na5 Bxd5 22. Ng6+ Kf7 23. Rxd5 Rxe4 24. Rg1 Ne7 25. Nxe7 Rxe7 26. Kd1 Rd4+ 27.
Rxd4 exd4 28. Nc6 Rd7 29. Rg2 Bc5 30. b4 Rd6 31. b5 a6 32. a4 axb5 33. axb5 Bb6
34. Rb2 Ke8 35. Re2+ Kf8 36. Ra2 Rd5 37. Ra8+ Kf7 38. Nd8+ Ke7 39. Ne6 Rxb5 40.
Rg8 c5 41. Rxg7+ Kd6 42. Rf7 Ke5 43. Re7 Kd5 44. Nf4+ Kc4 45. Rd7 Ba5 46. h4
Rb1+ 47. Ke2 Rb2+ 48. Kf3 Rb3+ 49. Kf2 Bd2 50. Nd5 Be3+ 51. Ke2 Rb2+ 52. Kf3
Bf2 53. g5 Bxh4 54. g6 Rb8 55. Kg4 Bg5 56. g7 d3 57. Nc7 d2 58. Ne6 Rg8 59. Kh5
Kb3 60. Kg6 c4 0-1

[Event "IV Festival A"]
[Site "San Martino di Castrozza - Siror ITA"]
[Date "2003.07.03"]
[Round "4"]
[White "Valenti, Giuseppe"]
[Black "Ivanov, Mikhail M."]
[Result "1/2-1/2"]
[WhiteElo "2226"]
[BlackElo "2446"]
[PlyCount "55"]
[EventDate "2003.06.30"]

1. e4 e5 2. Nf3 Nf6 3. Nxe5 d6 4. Nf3 Nxe4 5. d4 d5 6. Bd3 Bd6 7. O-O O-O 8. c4
c6 9. Nc3 Nxc3 10. bxc3 dxc4 11. Bxc4 Bf5 12. Bd3 Bxd3 13. Qxd3 Nd7 14. Rb1 Qc7
15. Re1 Rfe8 16. Bd2 h6 17. g3 c5 18. Nh4 cxd4 19. cxd4 Rxe1+ 20. Rxe1 Nf6 21.
Qf3 Qc6 22. Qxc6 bxc6 23. Rc1 Rc8 24. Nf5 Bf8 25. Bf4 Nd5 26. Bd6 g6 27. Bxf8
Kxf8 28. Nd6 1/2-1/2

[Event "IV Festival A"]
[Site "San Martino di Castrozza - Siror ITA"]
[Date "2003.07.04"]
[Round "5"]
[White "Di Paolo, Marco"]
[Black "De Carolis, Maurizio"]
[Result "0-1"]
[WhiteElo "2060"]
[BlackElo "1864"]
[PlyCount "54"]
[EventDate "2003.06.30"]

1. e4 Nf6 2. Nc3 d5 3. exd5 Nxd5 4. Bc4 Nxc3 5. Bxf7+ Kxf7 6. Qf3+ Ke8 7. dxc3
Nc6 8. Bf4 e5 9. Qe4 Qf6 10. Bg3 Bf5 11. Qe2 Bd6 12. Nf3 Bg4 13. O-O-O Rf8 14.
Rd3 Bxf3 15. Rxf3 Qh6+ 16. Kb1 Rxf3 17. Qxf3 Qf6 18. Qe4 Qg6 19. Qd5 Kd7 20.
Rd1 Qe6 21. Qe4 g6 22. c4 Ke8 23. f4 Kf8 24. fxe5 Bxe5 25. Re1 Re8 26. Qe3 Qf7
27. Qc5+ Kg7 0-1

[Event "IV Festival A"]
[Site "San Martino di Castrozza - Siror ITA"]
[Date "2003.07.04"]
[Round "5"]
[White "Gaido, Paolo"]
[Black "Proietti, Giorgio"]
[Result "1-0"]
[WhiteElo "2123"]
[BlackElo "1804"]
[PlyCount "47"]
[EventDate "2003.06.30"]

1. Nf3 Nf6 2. c4 e6 3. d4 d5 4. Bg5 Be7 5. e3 O-O 6. Nc3 Nbd7 7. Rc1 c6 8. Bd3
h6 9. Bh4 dxc4 10. Bxc4 Nd5 11. Bxe7 Qxe7 12. O-O Nxc3 13. Rxc3 e5 14. dxe5
Nxe5 15. Nxe5 Qxe5 16. f4 Qe7 17. f5 Rd8 18. Qh5 Qf8 19. e4 b5 20. Bb3 Bb7 21.
f6 g5 22. h4 g4 23. Qxg4+ Kh8 24. Qg7+ 1-0

[Event "IV Festival A"]
[Site "San Martino di Castrozza - Siror ITA"]
[Date "2003.07.04"]
[Round "5"]
[White "Naumkin, Igor"]
[Black "Ivanov, Mikhail M."]
[Result "1/2-1/2"]
[WhiteElo "2431"]
[BlackElo "2446"]
[PlyCount "48"]
[EventDate "2003.06.30"]

1. d4 g6 2. c4 Bg7 3. e4 d6 4. Nc3 Nc6 5. d5 Nd4 6. Be3 c5 7. Nge2 e5 8. dxe6
Nxe6 9. Nb5 Bxb2 10. Nxd6+ Kf8 11. Rb1 Bg7 12. f4 Nf6 13. h3 Ne8 14. Nxc8 Qxc8
15. e5 Qc7 16. Nc3 Qa5 17. Qd2 Rd8 18. Nd5 Qxd2+ 19. Bxd2 b6 20. Bd3 N6c7 21.
Be4 f5 22. Bf3 Ne6 23. a4 Nd4 24. Be3 g5 1/2-1/2

[Event "IV Festival A"]
[Site "San Martino di Castrozza - Siror ITA"]
[Date "2003.07.04"]
[Round "5"]
[White "Pietrocola, Roberto"]
[Black "Mayer, Frank"]
[Result "1/2-1/2"]
[WhiteElo "1858"]
[BlackElo "2191"]
[PlyCount "34"]
[EventDate "2003.06.30"]

1. e4 e6 2. d4 d5 3. Nc3 Bb4 4. e5 c5 5. a3 Bxc3+ 6. bxc3 Ne7 7. Qg4 O-O 8. Bd3
Qa5 9. Bd2 Nbc6 10. Nf3 f5 11. exf6 Rxf6 12. Qh5 Nf5 13. O-O c4 14. Bxf5 Rxf5
15. Qe8+ Rf8 16. Qh5 Rf5 17. Qe8+ Rf8 1/2-1/2

[Event "IV Festival A"]
[Site "San Martino di Castrozza - Siror ITA"]
[Date "2003.07.04"]
[Round "5"]
[White "Rossi, Giampiero"]
[Black "Bartonicek, Zdenek sr"]
[Result "1/2-1/2"]
[WhiteElo "2052"]
[BlackElo "2127"]
[PlyCount "105"]
[EventDate "2003.06.30"]

1. d4 Nf6 2. c4 g6 3. g3 Bg7 4. Bg2 O-O 5. Nc3 c5 6. Nf3 cxd4 7. Qxd4 Nc6 8.
Qd2 d6 9. O-O Be6 10. Nd4 Nxd4 11. Qxd4 Nd5 12. Qd3 Nxc3 13. bxc3 Qc7 14. Rb1
Rab8 15. c5 Qxc5 16. Be3 Qa3 17. Rxb7 Rxb7 18. Bxb7 Qxa2 19. Qa6 Qxa6 20. Bxa6
Bxc3 21. Rb1 d5 22. Bxa7 Ra8 23. Rb8+ Rxb8 24. Bxb8 Kg7 25. e3 h5 26. f4 Bf5
27. Kf2 Be4 28. Ba7 Kf6 29. Bd4+ Bxd4 30. exd4 Kf5 31. Be2 h4 32. Ke3 hxg3 33.
hxg3 g5 34. Bd1 g4 35. Ba4 Bf3 36. Bc2+ Kf6 37. Bb3 Ke6 38. Ba4 f5 39. Bc2 Be4
40. Ba4 Kd6 41. Kd2 Kc7 42. Kc3 Kb6 43. Kb4 Bd3 44. Bb3 Kc6 45. Ba4+ Kd6 46.
Bb3 Ba6 47. Bc2 Bc8 48. Ba4 Bd7 49. Bc2 Kc6 50. Ba4+ Kc7 51. Bb3 Kd6 52. Bc2
Bc8 53. Ba4 1/2-1/2

[Event "IV Festival A"]
[Site "San Martino di Castrozza - Siror ITA"]
[Date "2003.07.04"]
[Round "5"]
[White "Rotstein, Arkadij"]
[Black "Di Paolo, Raffaele"]
[Result "1-0"]
[WhiteElo "2514"]
[BlackElo "2320"]
[PlyCount "85"]
[EventDate "2003.06.30"]

1. c4 Nf6 2. Nc3 g6 3. g3 Bg7 4. Bg2 O-O 5. d3 d6 6. e3 e5 7. Nge2 Nc6 8. O-O
Bf5 9. e4 Be6 10. h3 Ne8 11. Nd5 Qd7 12. Kh2 Nd8 13. d4 f5 14. exf5 Rxf5 15.
dxe5 dxe5 16. b3 c6 17. Ne3 Qxd1 18. Nxd1 Rf7 19. Ndc3 Nd6 20. Bb2 Nf5 21. Ne4
Bc8 22. Rad1 Ne6 23. Nc1 Nfd4 24. Nd3 Rb8 25. h4 Bd7 26. Nd6 Rff8 27. Rfe1 Nc2
28. Rxe5 Bxe5 29. Bxe5 Ncd4 30. f4 b6 31. Nf2 c5 32. Ng4 h5 33. Nf6+ Rxf6 34.
Bxf6 Bc6 35. Bd5 Kh7 36. Ne4 Rf8 37. Ng5+ Nxg5 38. hxg5 Bxd5 39. cxd5 Nf5 40.
d6 Ne3 41. Re1 Ng4+ 42. Kh3 Nxf6 43. Re7+ 1-0

[Event "IV Festival A"]
[Site "San Martino di Castrozza - Siror ITA"]
[Date "2003.07.04"]
[Round "5"]
[White "Roversi, Stefano"]
[Black "Campini, Marco"]
[Result "0-1"]
[WhiteElo "2015"]
[BlackElo "2156"]
[PlyCount "118"]
[EventDate "2003.06.30"]

1. e4 c5 2. Nf3 d6 3. d4 cxd4 4. Nxd4 Nf6 5. Nc3 a6 6. Be2 e6 7. O-O Qc7 8. f4
Be7 9. Kh1 Nc6 10. Be3 Bd7 11. a4 Rc8 12. Nb3 Na5 13. Nxa5 Qxa5 14. Bd3 h5 15.
f5 Ng4 16. Bg1 Rxc3 17. bxc3 Qxc3 18. fxe6 Bxe6 19. Rb1 Qc7 20. Qe2 Bf6 21. Be3
Be5 22. Bf4 Bxf4 23. Rxf4 g5 24. Rff1 h4 25. h3 Ne5 26. Qe3 Qe7 27. Qb6 Bc8 28.
Be2 O-O 29. Qf2 f6 30. c4 Be6 31. Rfc1 Rc8 32. Qf1 Rc7 33. Rb6 Nd7 34. Rbb1 Nc5
35. Qf3 Kg7 36. a5 Nd7 37. Qh5 Ne5 38. Bf1 Rc5 39. Rb6 Rxa5 40. Qd1 Nf7 41.
Rcb1 Bc8 42. Qd4 Re5 43. Bd3 Qc7 44. Rf1 Qe7 45. Qf2 Nd8 46. Bb1 Bd7 47. Qd2
Bc6 48. Bc2 Ne6 49. Rf5 Nc5 50. Rxe5 Qxe5 51. Rb1 Kf7 52. Qa5 Nxe4 53. Qc7+ Qe7
54. Qxe7+ Kxe7 55. Re1 f5 56. Re3 Ke6 57. Bb3 Ke5 58. Re1 Kd4 59. Ba2 Kc3 0-1

[Event "IV Festival A"]
[Site "San Martino di Castrozza - Siror ITA"]
[Date "2003.07.04"]
[Round "5"]
[White "Solinas, Carlo"]
[Black "Poropat, Marijan"]
[Result "0-1"]
[WhiteElo "2089"]
[BlackElo "2103"]
[PlyCount "126"]
[EventDate "2003.06.30"]

1. e4 d6 2. d4 Nf6 3. Nc3 g6 4. Bg5 Bg7 5. e5 Nfd7 6. Nd5 Nc6 7. Bb5 h6 8. exd6
cxd6 9. Be3 Nb6 10. Nc3 a6 11. Be2 Nb4 12. Nf3 Bf5 13. Rc1 Rc8 14. O-O O-O 15.
Qd2 Kh7 16. a3 N4d5 17. Nh4 Nxc3 18. bxc3 Be6 19. Rb1 Bc4 20. Bd3 e6 21. g3 Bd5
22. Qe2 f5 23. Rxb6 Qxb6 24. c4 Be4 25. Bxe4 fxe4 26. Qg4 Rf6 27. d5 Qb2 28.
dxe6 Qe5 29. e7 Qe6 30. Qe2 Rf7 31. Ng2 Rxe7 32. Nf4 Qe5 33. Qg4 Qf5 34. Qe2 h5
35. Rd1 Bf6 36. Nd5 Qf3 37. Qf1 Rxc4 38. Rb1 Rxc2 39. Nb4 Rc3 40. Re1 Rxa3 41.
Nc2 Rd3 42. Re2 a5 43. Ne1 Rd1 44. Nxf3 Rxf1+ 45. Kxf1 exf3 46. Ra2 Bc3 47. Bd2
Bxd2 48. Rxd2 Rc7 49. Rd1 Rc6 50. Ke1 b5 51. Rd5 Rb6 52. Kd2 a4 53. Kc3 b4+ 54.
Kb2 a3+ 55. Kb1 Kg7 56. Rd4 Kf6 57. Rf4+ Ke5 58. Rxf3 d5 59. Rf4 d4 60. Rf8 Ke4
61. Re8+ Kd5 62. Rd8+ Rd6 63. Rc8 a2+ 0-1

[Event "IV Festival A"]
[Site "San Martino di Castrozza - Siror ITA"]
[Date "2003.07.04"]
[Round "5"]
[White "Valenti, Giuseppe"]
[Black "Drasko, Milan"]
[Result "1-0"]
[WhiteElo "2226"]
[BlackElo "2491"]
[PlyCount "91"]
[EventDate "2003.06.30"]

1. e4 e6 2. d4 d5 3. exd5 exd5 4. Bd3 Nc6 5. c3 Be6 6. Ne2 Bd6 7. Nf4 Nf6 8.
Nxe6 fxe6 9. Qe2 Qd7 10. Bf5 Nd8 11. O-O O-O 12. Bh3 c5 13. Be3 Qc7 14. g3 Re8
15. Nd2 e5 16. dxe5 Bxe5 17. Nf3 Nf7 18. Qb5 b6 19. Rad1 h6 20. Qd3 Rad8 21.
Qf5 Nd6 22. Qg6 Qf7 23. Nxe5 Rxe5 24. Qxf7+ Kxf7 25. Bf4 Re2 26. Rfe1 Rxb2 27.
Be6+ Kf8 28. Bxd5 Nb5 29. Bc4 Rxd1 30. Rxd1 Nxc3 31. Re1 Nfe4 32. f3 g5 33. Bc1
Rb4 34. Bd3 Nd6 35. Re6 Rd4 36. Bf1 Kf7 37. Rxh6 Rd1 38. Bb2 Ne2+ 39. Kf2 Nf5
40. Bxe2 Rd2 41. Rf6+ Ke7 42. Rxf5 Rxb2 43. Rxg5 Rxa2 44. h4 c4 45. Ke3 c3 46.
Rg4 1-0

[Event "IV Festival A"]
[Site "San Martino di Castrozza - Siror ITA"]
[Date "2003.07.05"]
[Round "6"]
[White "Campini, Marco"]
[Black "Poropat, Marijan"]
[Result "1-0"]
[WhiteElo "2156"]
[BlackElo "2103"]
[PlyCount "79"]
[EventDate "2003.06.30"]

1. e4 d6 2. d4 g6 3. f4 Nf6 4. Nc3 Bg7 5. Nf3 O-O 6. Bd3 Na6 7. Qe2 c5 8. d5
Nc7 9. Nd1 b5 10. c3 c4 11. Bc2 Bb7 12. a4 a6 13. Nd4 e6 14. dxe6 fxe6 15. axb5
axb5 16. Rxa8 Qxa8 17. Nf2 e5 18. Nxb5 Nxb5 19. Qxc4+ d5 20. Qxb5 dxe4 21. Qa4
Ba6 22. fxe5 Nh5 23. Bxe4 Qa7 24. Qd4 Qe7 25. Ng4 Rd8 26. Bd5+ Kh8 27. c4 Qh4+
28. Kd1 Ng3 29. Re1 Nf5 30. Qe4 Qe7 31. Bd2 Qa7 32. Bc3 h5 33. Nf6 Bc8 34. e6
Ne7 35. g4 Qa4+ 36. Ke2 Ba6 37. Kf3 h4 38. g5 Nf5 39. e7 Re8 40. Nxe8 1-0

[Event "IV Festival A"]
[Site "San Martino di Castrozza - Siror ITA"]
[Date "2003.07.05"]
[Round "6"]
[White "Di Paolo, Marco"]
[Black "Roversi, Stefano"]
[Result "1-0"]
[WhiteElo "2060"]
[BlackElo "2015"]
[PlyCount "145"]
[EventDate "2003.06.30"]

1. e4 c5 2. Nc3 Nc6 3. f4 d6 4. Nf3 a6 5. a4 Nf6 6. Bc4 e6 7. Qe2 Be7 8. e5
dxe5 9. fxe5 Nd7 10. d3 Nb6 11. Bb3 Nd4 12. Nxd4 Qxd4 13. Qe4 O-O 14. Be3 Qxe4
15. Nxe4 Nd7 16. Bf4 Rd8 17. a5 b5 18. axb6 Nxb6 19. O-O Bb7 20. Ng5 Bxg5 21.
Bxg5 Rd4 22. h3 Rc8 23. Rf2 c4 24. Be3 Rd5 25. Ba2 Rb5 26. Bxb6 Rxb6 27. Bxc4
Rxb2 28. Ra2 Rb1+ 29. Kh2 Re1 30. Bxa6 Ra8 31. Bc4 Rxa2 32. Bxa2 Rxe5 33. c4 g6
34. Rb2 Bc6 35. Bb1 Kf8 36. Rd2 Ke7 37. Bc2 Rc5 38. Bd1 Kd6 39. Kg3 Rg5+ 40.
Kh2 Kc5 41. h4 Rf5 42. Bg4 Rf4 43. Kg3 Rf1 44. d4+ Kb4 45. d5 exd5 46. cxd5 Kc3
47. dxc6 Kxd2 48. c7 Rc1 49. c8=Q Rxc8 50. Bxc8 Ke3 51. Kg4 Kf2 52. Bb7 f6 53.
h5 Ke3 54. Bf3 Kd4 55. Bc6 Ke5 56. Be8 g5 57. Bd7 h6 58. Bf5 Kd4 59. Kf3 Ke5
60. g4 Kd4 61. Bg6 Ke5 62. Ke3 Kd5 63. Kd3 Ke5 64. Kc4 Ke6 65. Kc5 Ke5 66. Kc6
Ke6 67. Bf5+ Ke7 68. Kc7 Kf7 69. Kd7 Kf8 70. Ke6 Kg7 71. Ke7 Kh8 72. Kxf6 Kg8
73. Kg6 1-0

[Event "IV Festival A"]
[Site "San Martino di Castrozza - Siror ITA"]
[Date "2003.07.05"]
[Round "6"]
[White "Di Paolo, Raffaele"]
[Black "Mayer, Frank"]
[Result "1/2-1/2"]
[WhiteElo "2320"]
[BlackElo "2191"]
[PlyCount "102"]
[EventDate "2003.06.30"]

1. e4 e6 2. d4 d5 3. Nd2 Nf6 4. e5 Nfd7 5. c3 c5 6. Bd3 Nc6 7. Ne2 Qb6 8. Nf3
cxd4 9. cxd4 f6 10. exf6 Nxf6 11. O-O Bd6 12. b3 O-O 13. Bb2 Bd7 14. Ng3 Bf4
15. Ne5 Be8 16. Nxc6 Bxc6 17. Nh5 Bh6 18. Qe2 Nxh5 19. Qxh5 Bb5 20. Bxb5 Qxb5
21. Rfe1 Rf6 22. g3 Bd2 23. Qe2 Qa5 24. Red1 Bb4 25. Rdc1 h6 26. Rc2 a6 27. a3
Bd6 28. Rac1 Raf8 29. a4 Qb6 30. Qe3 Kh8 31. f4 Qd8 32. Kg2 Qe8 33. Qd3 Qh5 34.
Rc8 g5 35. Rxf8+ Rxf8 36. fxg5 hxg5 37. h3 Kg7 38. Re1 g4 39. hxg4 Qxg4 40. Rh1
Rh8 41. Rxh8 Kxh8 42. Bc1 Kg7 43. Bd2 Qf5 44. Qe2 Kf7 45. Be1 Qh7 46. Bf2 Qf5
47. Be3 Qe4+ 48. Qf3+ Qxf3+ 49. Kxf3 Kg6 50. Bf4 Ba3 51. g4 Be7 1/2-1/2

[Event "IV Festival A"]
[Site "San Martino di Castrozza - Siror ITA"]
[Date "2003.07.05"]
[Round "6"]
[White "Drasko, Milan"]
[Black "Pietrocola, Roberto"]
[Result "1-0"]
[WhiteElo "2491"]
[BlackElo "1858"]
[PlyCount "95"]
[EventDate "2003.06.30"]

1. Nf3 d5 2. g3 c6 3. Bg2 Nf6 4. O-O Bf5 5. b3 h6 6. Bb2 e6 7. d3 Be7 8. Nbd2
O-O 9. c4 Nbd7 10. a3 a5 11. Qc2 Qc7 12. cxd5 exd5 13. Nd4 Bh7 14. Bh3 Rfe8 15.
Rfe1 Bf8 16. Rad1 Rad8 17. e4 Qb6 18. Nf5 Qc5 19. Qc1 dxe4 20. Nxe4 Nxe4 21.
dxe4 Ne5 22. Re3 Qb6 23. Rxd8 Qxd8 24. Qa1 Bxf5 25. Bxf5 Qd6 26. Bc3 b6 27. f4
Nd7 28. b4 axb4 29. axb4 b5 30. e5 Qc7 31. e6 fxe6 32. Rxe6 Rxe6 33. Bxe6+ Kh8
34. Kg2 Qd6 35. f5 Nb6 36. Qc1 Kh7 37. Qd2 Qxd2+ 38. Bxd2 Nd5 39. Bxd5 cxd5 40.
Kf3 Bd6 41. Ke3 Be5 42. Kd3 g5 43. Bc3 Bc7 44. Kd4 Bb6+ 45. Kxd5 g4 46. Ke6 Bd8
47. f6 Kg8 48. Bd4 1-0

[Event "IV Festival A"]
[Site "San Martino di Castrozza - Siror ITA"]
[Date "2003.07.05"]
[Round "6"]
[White "Gaido, Paolo"]
[Black "Bartonicek, Zdenek sr"]
[Result "1-0"]
[WhiteElo "2123"]
[BlackElo "2127"]
[PlyCount "120"]
[EventDate "2003.06.30"]

1. Nf3 Nf6 2. c4 g6 3. g3 Bg7 4. Bg2 O-O 5. O-O d5 6. cxd5 Nxd5 7. d4 c6 8. Nc3
Nd7 9. Nxd5 cxd5 10. Bf4 Nb6 11. a4 Bd7 12. b3 Bc6 13. Qd2 Nd7 14. Rfc1 a5 15.
Bh6 e6 16. Bxg7 Kxg7 17. Rc3 Qe7 18. Rac1 h6 19. h4 Rfc8 20. Ne5 Nxe5 21. dxe5
Qb4 22. e3 Ra6 23. Bf1 Rb6 24. Rd1 Qa3 25. Qc1 Qe7 26. Rd4 Qc7 27. f4 Qe7 28.
h5 Rb4 29. Qd1 Rg8 30. hxg6 fxg6 31. Rxb4 Qxb4 32. Qd4 Qe7 33. Qb6 g5 34. Qxa5
gxf4 35. exf4 Kh8 36. Kf2 d4 37. Qc5 Qf7 38. Qxd4 Qh5 39. Ke1 Qh1 40. Rd3 Be4
41. Rd2 Bd5 42. Qe3 Rc8 43. Rd1 Bg2 44. Qd3 Qg1 45. f5 Bxf1 46. Qxf1 Qxg3+ 47.
Qf2 Qxe5+ 48. Qe2 Qxf5 49. Qd2 Qe4+ 50. Qe2 Qb4+ 51. Qd2 Qh4+ 52. Qf2 Qg5 53.
Qd2 Qg1+ 54. Ke2 Qg6 55. Qd4+ Qg7 56. Qxg7+ Kxg7 57. Rd7+ Kf6 58. Rxb7 h5 59.
b4 Kf5 60. a5 Ke4 1-0

[Event "IV Festival A"]
[Site "San Martino di Castrozza - Siror ITA"]
[Date "2003.07.05"]
[Round "6"]
[White "Ivanov, Mikhail M."]
[Black "Rotstein, Arkadij"]
[Result "1/2-1/2"]
[WhiteElo "2446"]
[BlackElo "2514"]
[PlyCount "30"]
[EventDate "2003.06.30"]

1. d4 Nf6 2. c4 e6 3. g3 d5 4. Nf3 Be7 5. Bg2 O-O 6. O-O dxc4 7. Qc2 a6 8. a4
Bd7 9. Ne5 Bc6 10. Nxc6 Nxc6 11. e3 Na5 12. Nd2 c5 13. Nxc4 cxd4 14. Nxa5 Qxa5
15. exd4 Nd5 1/2-1/2

[Event "IV Festival A"]
[Site "San Martino di Castrozza - Siror ITA"]
[Date "2003.07.05"]
[Round "6"]
[White "Naumkin, Igor"]
[Black "Valenti, Giuseppe"]
[Result "1/2-1/2"]
[WhiteElo "2431"]
[BlackElo "2226"]
[PlyCount "41"]
[EventDate "2003.06.30"]

1. d4 Nf6 2. Nf3 e6 3. c4 Bb4+ 4. Nbd2 b6 5. g3 Bb7 6. Bg2 O-O 7. O-O d5 8.
cxd5 exd5 9. Qc2 Nbd7 10. b3 Re8 11. a3 Bf8 12. e3 a5 13. Bb2 Bd6 14. Rac1 c5
15. dxc5 bxc5 16. a4 h6 17. Rfd1 Qb6 18. Nh4 Bf8 19. Re1 Rab8 20. Bc3 Ba6 21.
Bf1 1/2-1/2

[Event "IV Festival A"]
[Site "San Martino di Castrozza - Siror ITA"]
[Date "2003.07.05"]
[Round "6"]
[White "Rossi, Giampiero"]
[Black "Solinas, Carlo"]
[Result "1-0"]
[WhiteElo "2052"]
[BlackElo "2089"]
[PlyCount "115"]
[EventDate "2003.06.30"]

1. d4 Nf6 2. c4 g6 3. g3 Bg7 4. Bg2 O-O 5. Nc3 d6 6. Nf3 c6 7. O-O Qa5 8. Qd2
Qh5 9. Qg5 Qxg5 10. Bxg5 h6 11. Bd2 Nbd7 12. h3 e5 13. dxe5 dxe5 14. Be3 Re8
15. Rfd1 Bf8 16. Rac1 Re6 17. Nd2 Nh5 18. Bf3 Nhf6 19. Rc2 Ne8 20. Ndb1 f5 21.
Bg2 Rd6 22. Rcd2 Rxd2 23. Rxd2 Nd6 24. b3 Nf7 25. Rd1 Be7 26. Bc1 Kf8 27. e3
Ke8 28. Ba3 Bxa3 29. Nxa3 Nf6 30. Nc2 Be6 31. Nb4 e4 32. Bf1 Ne5 33. Be2 Ke7
34. Nc2 Rd8 35. Rxd8 Kxd8 36. Nd4 Bc8 37. f4 Nd3 38. Bxd3 exd3 39. Nf3 Ne4 40.
Nxe4 fxe4 41. Nd2 Bxh3 42. Nxe4 Ke7 43. Kf2 b6 44. Ke1 Ke6 45. Nf2 Bg2 46. Kd2
h5 47. e4 c5 48. Kxd3 Bf1+ 49. Ke3 Bg2 50. Nd1 Bh3 51. Nc3 Bg4 52. Nb5 a5 53.
Nc7+ Kf7 54. Nd5 Bd1 55. Nxb6 Bc2 56. Na4 Bb1 57. Nc3 Bc2 58. Kd2 1-0

[Event "IV Festival A"]
[Site "San Martino di Castrozza - Siror ITA"]
[Date "2003.07.06"]
[Round "7"]
[White "Bartonicek, Zdenek sr"]
[Black "Roversi, Stefano"]
[Result "1-0"]
[WhiteElo "2127"]
[BlackElo "2015"]
[PlyCount "77"]
[EventDate "2003.06.30"]

1. d4 Nf6 2. Nf3 d6 3. Bg5 e6 4. c4 Be7 5. Nc3 O-O 6. e4 c5 7. Be2 cxd4 8. Qxd4
Nc6 9. Qd2 Qa5 10. O-O Ne8 11. Bf4 Bf6 12. Rfd1 Ne5 13. a3 Nxf3+ 14. Bxf3 e5
15. Be3 Be6 16. b4 Qc7 17. Nd5 Qxc4 18. Rac1 Qb3 19. Rc3 Qa4 20. Nxf6+ Nxf6 21.
Qxd6 a5 22. Qxe5 axb4 23. axb4 Rfe8 24. Qd4 Re7 25. Rdc1 Rae8 26. h3 Bd7 27.
Rc7 Bc6 28. Rxe7 Rxe7 29. e5 Rd7 30. Bxc6 bxc6 31. Qb6 Ne8 32. Qxc6 Rd1+ 33.
Kh2 Qxc6 34. Rxc6 Rd8 35. b5 Rb8 36. b6 g6 37. Bc5 Ng7 38. Bd6 Rd8 39. b7 1-0

[Event "IV Festival A"]
[Site "San Martino di Castrozza - Siror ITA"]
[Date "2003.07.06"]
[Round "7"]
[White "Ivanov, Mikhail M."]
[Black "Campini, Marco"]
[Result "1-0"]
[WhiteElo "2446"]
[BlackElo "2156"]
[PlyCount "65"]
[EventDate "2003.06.30"]

1. d4 Nf6 2. c4 d6 3. Nc3 g6 4. e4 Bg7 5. Nge2 O-O 6. Ng3 Na6 7. Be2 e5 8. d5
Ne8 9. h4 h6 10. h5 g5 11. Bg4 Bxg4 12. Qxg4 Nc5 13. Qd1 Bf6 14. b4 Na6 15. Rb1
Qd7 16. Be3 Kh7 17. O-O Be7 18. Qd3 Ng7 19. Rfc1 Qg4 20. Nce2 Qc8 21. c5 Nb8
22. Nc3 a6 23. c6 Bd8 24. Nce2 bxc6 25. dxc6 Bf6 26. Nc3 Bd8 27. Nd5 Re8 28. a4
Qg4 29. b5 f5 30. exf5 e4 31. Qd1 Qxd1+ 32. Rxd1 axb5 33. axb5 1-0

[Event "IV Festival A"]
[Site "San Martino di Castrozza - Siror ITA"]
[Date "2003.07.06"]
[Round "7"]
[White "Pietrocola, Roberto"]
[Black "Di Paolo, Marco"]
[Result "0-1"]
[WhiteElo "1858"]
[BlackElo "2060"]
[PlyCount "90"]
[EventDate "2003.06.30"]

1. e4 c5 2. Nf3 d6 3. d4 cxd4 4. Nxd4 Nf6 5. Nc3 g6 6. f4 Nc6 7. Nxc6 bxc6 8.
e5 Nd7 9. exd6 exd6 10. Be3 Qe7 11. Qd4 Nf6 12. O-O-O Bg7 13. Bf2 d5 14. Qa4
Qd6 15. Re1+ Be6 16. f5 gxf5 17. Bg3 Qd7 18. Be5 O-O 19. Qd4 c5 20. Qxc5 Ne4
21. Qd4 Bh6+ 22. Kb1 f6 23. Bg3 Rac8 24. Nxe4 fxe4 25. Be2 Qc6 26. Bd1 a5 27.
c3 Qc4 28. Qxc4 Rxc4 29. Bb3 Rc6 30. Rd1 Rd8 31. Rhf1 Kg7 32. Rfe1 Ra6 33. Rd4
Rd7 34. Ba4 Rb7 35. Bb3 Rd7 36. Ka1 Kf7 37. Ba4 Rb7 38. Bd1 Bf8 39. Bb3 Rd7 40.
Ba4 Rb7 41. Bb3 Rd7 42. Rexe4 a4 43. Rxe6 Kxe6 44. Bxa4 Rb7 45. Bb3 Rxb3 0-1